000 00575nam a2200193Ia 4500
003 GCL
008 140319s9999 xx 000 0 ara d
040 _aGCL /
_cGCL
082 0 4 _a923.9
_bد س
100 1 _aمحمد فتحى الشاعر
245 1 0 _aسبعة مؤرخين فى العصور الوسطى /
_cمحمد فتحى الشاعر
700 1 _aداهموس، جوزيف
300 _a289 ص
490 _aالالف كتاب
_v0
650 0 4 _aالمؤرخون
650 0 4 _aالعصور الوسطى
650 0 4 _aاوربا - تاريخ
942 _2ddc
_cBK
999 _c44100
_d44100